Moazzam Ali (Record no. 329739)

000 -LEADER
fixed length control field 00517 a2200133 4500
003 - CONTROL NUMBER IDENTIFIER
control field NUST
005 - DATE AND TIME OF LATEST TRANSACTION
control field 20170518170413.0
008 - FIXED-LENGTH DATA ELEMENTS--GENERAL INFORMATION
fixed length control field 170518b xxu||||| |||| 00| 0 eng d
040 ## - CATALOGING SOURCE
Original cataloging agency DLC
Language of cataloging DLC
Transcribing agency DLC
082 ## - DEWEY DECIMAL CLASSIFICATION NUMBER
Classification number 891.4393 NAS
100 ## - MAIN ENTRY--PERSONAL NAME
Personal name Naseem Hijazi
9 (RLIN) 1033
245 ## - TITLE STATEMENT
Title Moazzam Ali
Statement of responsibility, etc. Naseem Hijazi
Medium (urdu)
260 ## - PUBLICATION, DISTRIBUTION, ETC.
Place of publication, distribution, etc. Lahore:
Name of publisher, distributor, etc. Jahangir Book Depu,
Date of publication, distribution, etc. 2005.
300 ## - PHYSICAL DESCRIPTION
Extent 559 p. ;
Dimensions 24 cm.
650 ## - SUBJECT ADDED ENTRY--TOPICAL TERM
Topical term or geographic name entry element Urdu literature--Novel
9 (RLIN) 1164
942 ## - ADDED ENTRY ELEMENTS (KOHA)
Koha item type Book
Call number prefix 891.4393 NAS
Source of classification or shelving scheme
Holdings
Withdrawn status Lost status Source of classification or shelving scheme Damaged status Not for loan Permanent Location Current Location Date acquired Total Checkouts Full call number Barcode Date last seen Price effective from Koha item type
          School of Civil and Environmental Engineering (SCEE) School of Civil and Environmental Engineering (SCEE) 05/18/2017   891.4393 NAS NIT-8671 05/18/2017 05/18/2017 Book
© 2023 Central Library, National University of Sciences and Technology. All Rights Reserved.